| Tag |
First Indicator |
Second Indicator |
Subfields |
| LEADER |
00000cam a2200000Ia 4500 |
| 001 |
in00002391985 |
| 005 |
20151109055518.0 |
| 008 |
080225s2008 txu b 000 0 eng d |
| 020 |
|
|
|a 141640337X
|
| 020 |
|
|
|a 9781416403371
|
| 035 |
|
|
|a (OCoLC)ocn209331445
|
| 035 |
|
|
|a (OCoLC)209331445
|
| 040 |
|
|
|a YDXCP
|c YDXCP
|d BGU
|d TXA
|d UtOrBLW
|
| 043 |
|
|
|a n-us---
|
| 049 |
|
|
|a TXAM
|
| 090 |
|
|
|a LC4031
|b .S57 2008
|
| 100 |
1 |
|
|a Sitlington, Patricia L.
|
| 245 |
1 |
0 |
|a Postsecondary education and training /
|c Patricia L. Sitlington, James R. Patton, Gary M. Clark.
|
| 246 |
1 |
|
|i At head of title:
|a Informal assessments for transition
|
| 264 |
|
1 |
|a Austin, Tex. :
|b Pro-Ed,
|c [2008]
|
| 264 |
|
4 |
|c ©2008
|
| 300 |
|
|
|a 139 pages ;
|c 28 cm.
|
| 336 |
|
|
|a text
|b txt
|2 rdacontent
|
| 337 |
|
|
|a unmediated
|b n
|2 rdamedia
|
| 338 |
|
|
|a volume
|b nc
|2 rdacarrier
|
| 500 |
|
|
|a "Third of three companion books to 'Informal assessments for transition planning' (Clark, Patton, & Moulton, 2000)."--P. 5.
|
| 504 |
|
|
|a Includes bibliographical references (pages 6-8).
|
| 650 |
|
0 |
|a Youth with disabilities
|x Education (Secondary)
|z United States.
|
| 650 |
|
0 |
|a Postsecondary education
|z United States.
|
| 650 |
|
0 |
|a School-to-work transition
|z United States.
|
| 650 |
|
0 |
|a People with disabilities
|x Vocational guidance
|z United States.
|
| 650 |
|
0 |
|a Educational tests and measurements
|z United States.
|
| 700 |
1 |
|
|a Patton, James R.
|
| 700 |
1 |
|
|a Clark, Gary M.
|
| 700 |
1 |
|
|a Clark, Gary M.
|t Informal assessments for transition planning.
|
| 938 |
|
|
|a YBP Library Services
|b YANK
|n 2778371
|
| 945 |
|
|
|a PromptCat
|b 419952
|
| 946 |
|
|
|a stk
|
| 947 |
|
|
|a A14836782970
|
| 994 |
|
|
|a C0
|b TXA
|
| 948 |
|
|
|a cataloged
|b h
|c 2008/6/17
|d c
|e nbehmer
|f 1:52:58 pm
|
| 999 |
|
|
|a MARS
|
| 999 |
f |
f |
|s f92d9344-7a5f-31c5-ab48-9b4ad7b795a5
|i 21e60148-f48a-3047-88a0-06be3b6a0bdb
|t 0
|
| 952 |
f |
f |
|p normal
|a Texas A&M University
|b College Station
|c Sterling C. Evans Library
|d Evans: Library Stacks
|t 0
|e LC4031 .S57 2008
|h Library of Congress classification
|i unmediated -- volume
|m A14836782970
|
| 998 |
f |
f |
|a LC4031 .S57 2008
|t 0
|l Evans: Library Stacks
|